000 01219cam a22003613a 4500
001 6041
003 FISKH
005 20250506114203.0
008 960229t19961994nyu 000 1 eng d
010 _a 97811819
020 _a0689806981 (pbk.) :
_c$3.95
020 _a9780545101387
040 _aVPW
_cVPW
_dMLA
_dOCL
_dOCLCQ
_dDLC
_beng
050 _aPZ7.D78325 T
082 _a813.54
100 1 _aDraper, Sharon M
_q(1952-)
245 1 0 _aTears of a tiger /
_cSharon M. Draper.
250 _aThis edition first published in 1994
260 _aNew York :
_bScholastic,
_c1994.
300 _a180 pages :
_c18 cm.
505 _aR
520 _aThe death of high school basketball star Rob Washington in an automobile accident affects the lives of his close friend Andy, who was driving the car, and many others in the school.
521 8 _a700
_bLexile
521 8 _aR
_bRaz-Plus
650 0 _aDeath
_vFiction.
650 0 _aHigh schools
_vFiction.
650 0 _aSchools
_vFiction.
650 0 _aAfrican Americans
_vFiction.
710 2 _aCopyright Paperback Collection (Library of Congress)
_5DLC
906 _a7
_bcbc
_ccopycat
_d2
_encip
_f19
_gy-genrareb
942 _2ddc
_cBK
_n0
999 _c6041
_d6041